|
|
|
|
| LEADER |
00000nam a2200000 a 4500 |
| 001 |
vtls010668226 |
| 003 |
SK-MaSNL |
| 005 |
20260426015449.0 |
| 008 |
240315s2014 xo f n 000 0 hun |
| 015 |
|
|
|a SNBA2015/05
|
| 020 |
|
|
|a 9788055807270
|q (brož.)
|
| 035 |
|
|
|a 61058811-A3D8-493D-998C-79B677FA4DD6
|
| 035 |
|
|
|a urn:nbn:sk:snk-amkqt7
|
| 035 |
|
|
|a urn:nbn:sk:snk-am005bwt
|
| 040 |
|
|
|a SNK
|b slo
|c SNK
|e AACR2
|
| 041 |
0 |
|
|a hun
|
| 043 |
|
|
|a e-xo---
|
| 044 |
|
|
|a xo
|c SK
|
| 072 |
|
7 |
|a 821.511.1.09
|x Ugrofínske literatúry (o nich)
|2 konspekt
|
| 080 |
|
|
|a 821.511.141-31
|2 2001
|
| 080 |
|
|
|a (437.6)
|2 2001
|
| 080 |
|
|
|a (048.8)
|2 2001
|
| 080 |
|
|
|a 82.09
|2 2001
|
| 100 |
1 |
|
|a Bárczi, Zsófia,
|d 1973-
|4 aut
|9 109427
|
| 245 |
1 |
0 |
|a A másság reprezentációja
|b Szlovenszkói regények
|c Bárczi Zsófia
|
| 246 |
1 |
4 |
|a A másság reprezentációja
|b Magyar regények Szlovenszkón
|
| 246 |
3 |
0 |
|a Szlovenszkói regények
|
| 260 |
|
|
|a Nyitra
|b Nyitrai Konstatntin Filozófus Egyetem, Közép-európai Tanulmányok Kara
|c 2014
|
| 300 |
|
|
|a 229 s.
|c 21 cm
|
| 366 |
|
|
|e 150 výt.
|
| 490 |
1 |
|
|a Europica varietas ;
|v č. 34
|
| 504 |
|
|
|a Bibliogr. odkazy ; bibliogr.: s. 219-229 ; pozn.
|
| 648 |
|
7 |
|a 1918-1945
|2 SNKPH
|9 276922
|
| 650 |
0 |
7 |
|a maďarský román
|2 SNKPH
|9 533660
|
| 650 |
0 |
7 |
|a Hungarian fiction
|2 SNKPHeng
|9 486383
|
| 650 |
0 |
7 |
|a literárnovedné rozbory
|2 SNKPH
|9 241582
|
| 650 |
0 |
7 |
|a Literary criticism and history
|2 SNKPHeng
|9 270823
|
| 651 |
|
7 |
|a Slovensko
|2 SNKPH
|9 14231
|
| 651 |
|
7 |
|a Slovakia
|2 SNKPHeng
|9 92630
|
| 655 |
|
7 |
|a monografie
|2 SNKPH
|9 70139
|
| 655 |
|
7 |
|a Monographs
|2 SNKPHeng
|9 120675
|
| 752 |
|
|
|a Slovensko
|d Nitra
|
| 810 |
2 |
|
|a Univerzita Konštantína Filozofa v Nitre.
|b Fakulta stredoeurópskych štúdií
|t Europica varietas
|9 141054
|
| 919 |
|
|
|a 978-80-558-0727-0
|
| 958 |
|
|
|a HU
|
| 958 |
|
|
|a NM
|
| 958 |
|
|
|a LX
|
| 999 |
|
|
|c 1185421
|d 1187351
|
| 952 |
|
|
|a SNK
|b SNK
|y PREZ
|7 0
|p 17A1156579
|o snkSC 164375
|i snk2015/13125
|8 0
|0 0
|1 0
|4 0
|d 2015-04-20
|f 1
|l 0
|r 2025-08-28 00:00:00
|w 2026-02-24
|
| 952 |
|
|
|a SNK
|b SNK
|y VYP
|7 0
|p 17A1156580
|o snkSC 164375 D1
|i snk2015/13126
|8 0
|0 0
|1 0
|4 0
|d 2015-04-20
|l 0
|r 2026-02-24 21:53:45
|w 2026-02-24
|